Top 10 Highest Grossing Films of 2025 - Statistics

General Stats
  • This quiz has been taken 21 times
    3 since last reset
  • The average score is 2 of 10
Answer Stats
# Film Title Production Company Worldwide Gross % Correct
10 Zootopia 2 Walt Disney Animation Studios -
100%
1 Ne Zha 2 Beijing Enlight Pictures $2,215,690,000
33%
8 Superman DC StudiosWarner Bros. Pictures The Safran Company $616,684,465
33%
3 A Minecraft Movie Warner Bros. PicturesLegendary Pictures $957,949,195
0%
5 Demon Slayer: Infinity Castle UfotableAniplex Sony Pictures Entertainment -
0%
7 F1: The Movie Warner Bros. PicturesApple Original Films $631,427,111
0%
6 How to Train Your Dragon DreamWorks AnimationUniversal Pictures Marc Platt Productions $636,244,418
0%
4 Jurassic World Rebirth Universal PicturesAmblin Entertainment $868,901,354
0%
2 Lilo & Stitch Walt Disney Studios $1,038,068,621
0%
9 Mission: Impossible: The Final Reckoning Paramount PicturesSkydance Media TC Productions $598,767,057
0%
No matching quizzes found
Score Distribution
Percent of People with Each Score
Percentile by Number Answered
Your Score History
You have not taken this quiz since the last reset